00509nam a2200193Ia 4500003000400000005001700004006001900021007000300040008004100043024001000084037001200094040001800106041001300124082001600137245010100153260003300254300000900287650001900296OSt20221007101947.0a|||||r|||| 00| 0 ta221006b |||||||| |||| 00| 0 eng d a8,967 cTextual aLCOcLCObeng 2engaeng aZm2,N73, L3 0aGOVT. OF INDIA, Gazette of India (Part II, Sec. 3, Sub. Sec. II, (Extraordinary), April-July, 73 aIndiabG.O.I. c1973 a1172 aGOVT. OF INDIA